Faktory ovplyvňujúce riadenie podnikových aktivít so zameraním na ochranu životného prostredia bakalárska práca

Salvato in:
Dettagli Bibliografici
Autore principale: Bohunčák, Matúš
Ente Autore: Fakulta podnikového manažmentu EU. Katedra podnikovohospodárska
Altri autori: Hrušovská, Dana, 1964-
Natura: Libro
Lingua:slovacco
Pubblicazione: Bratislava 2024
Tags: Aggiungi Tag
Nessun Tag, puoi essere il primo ad aggiungerne!!

MARC

LEADER 00000nbm a2200000 4500
001 0302019
005 20250205143204.0
041 0 |a slo 
044 |a SK 
245 1 0 |a Faktory ovplyvňujúce riadenie podnikových aktivít so zameraním na ochranu životného prostredia  |b bakalárska práca  |c Matúš Bohunčák ; školiteľ: Dana Hrušovská 
264 1 |a Bratislava  |c 2024 
300 |a 58 s. 
100 1 |a Bohunčák, Matúš 
700 1 |a Hrušovská, Dana, 1964- 
710 2 |a Fakulta podnikového manažmentu EU. Katedra podnikovohospodárska